Experimental Investigation of Active Flapping for Energy Harvesting: A Comparative Analysis between Circular and C-type Cylinders / (Record no. 609164)
[ view plain ]
| 000 -LEADER | |
|---|---|
| fixed length control field | 01693nam a22001577a 4500 |
| 082 ## - DEWEY DECIMAL CLASSIFICATION NUMBER | |
| Classification number | 621 |
| 100 ## - MAIN ENTRY--PERSONAL NAME | |
| Personal name | Talha, Muhammad |
| 245 ## - TITLE STATEMENT | |
| Title | Experimental Investigation of Active Flapping for Energy Harvesting: A Comparative Analysis between Circular and C-type Cylinders / |
| Statement of responsibility, etc. | Muhammad Talha |
| 264 ## - PRODUCTION, PUBLICATION, DISTRIBUTION, MANUFACTURE, AND COPYRIGHT NOTICE | |
| Place of production, publication, distribution, manufacture | Islamabad : |
| Name of producer, publisher, distributor, manufacturer | SMME- NUST; |
| Date of production, publication, distribution, manufacture, or copyright notice | 2024. |
| 300 ## - PHYSICAL DESCRIPTION | |
| Extent | 68p. |
| Other physical details | Soft Copy |
| Dimensions | 30cm |
| 500 ## - GENERAL NOTE | |
| General note | The demand for renewable energy resources is increasing day by day. The most efficient sources<br/>of energy include hydroelectricity and nuclear power plants. The focus is to develop a sustainable<br/>system with minimum cost investment. This study evaluates the generation of electricity through<br/>active flapping of the piezoelectric flag that generates electricity through turbulence in the moving<br/>fluid. This research compares electricity generation when a circular/solid and C-shaped cylinder<br/>is placed at 90 degrees to the moving fluid. The study experiments with different gap widths and<br/>velocities of the moving fluid to find the ideal setup. The gap width between the cylinders and the<br/>flapping flag varies between 2.0D ≤ Dx ≤ 4.0D. Also, the moving fluid velocity varies from<br/>0.136m/s ≤ v ≤ 0.3m/s. The experiment shows that a C-type cylinder gives more power than a<br/>circular cylinder. The study strengthens the development of renewable energy applications by<br/>offering comprehensive details on the best configuration for piezoelectric-based energy harvesters<br/>in fluid flow parameters. |
| 650 ## - SUBJECT ADDED ENTRY--TOPICAL TERM | |
| Topical term or geographic name entry element | MS Mechanical Engineering |
| 700 ## - ADDED ENTRY--PERSONAL NAME | |
| Personal name | Supervisor : Dr. Emad Uddin |
| 856 ## - ELECTRONIC LOCATION AND ACCESS | |
| Uniform Resource Identifier | <a href="http://10.250.8.41:8080/xmlui/handle/123456789/43481">http://10.250.8.41:8080/xmlui/handle/123456789/43481</a> |
| 942 ## - ADDED ENTRY ELEMENTS (KOHA) | |
| Source of classification or shelving scheme | |
| Koha item type | Thesis |
| Withdrawn status | Permanent Location | Current Location | Shelving location | Date acquired | Full call number | Barcode | Koha item type |
|---|---|---|---|---|---|---|---|
| School of Mechanical & Manufacturing Engineering (SMME) | School of Mechanical & Manufacturing Engineering (SMME) | E-Books | 05/16/2024 | 621 | SMME-TH-1019 | Thesis |
